000
00423nam a2200145Ia 4500
008
100204s9999 xx 000 0 und d
082
_b
8206
100
_a
वाळिंबे शरदचंद्र्र
245
_a
बेफाम
260
_b
"दिलिप प्रकाशन , मुंबई"
_c
1986
300
_a
193
630
_a
बेफाम
730
_a
बेफाम
942
_c
BOOK
999
_c
452642
_d
452639